000 00253nam a2200109Ia 4500
008 230724s1957 xx und d
041 _aeng
100 _aRAND AYN
245 _aATLAS STRUGGED
260 _bPENGIN GROUP NEW YORK
_c1957
300 _a1079
999 _c1175168
_d1175168